| 000 | 00568cam a22001577a 4500 | ||
|---|---|---|---|
| 008 | 180718b2001 xxu||||| |||| 00| 0 eng d | ||
| 082 | _aAPPPA 2000-01 SIN/27 | ||
| 100 | _aSinghal, Anil | ||
| 245 |
_aReview of import policy and procedures on Indian railways: impact of liberalisation and WTO agreement _cby Anil Singhal |
||
| 260 |
_aNew Delhi _bIndian Institute of Public Administration _c2001 |
||
| 300 | _a109p. | ||
| 650 | _aWorld Trade Organization (WTO) | ||
| 650 | _aLiberalisation | ||
| 650 | _aRailways - India | ||
| 650 | _aForeign trade regulation - India | ||
| 999 |
_c490918 _d490918 |
||